University Home | Library Home | Institutional Repository

The Fibroblast Growth Factor Family/ (Record no. 113226)

MARC details
000 -LEADER
fixed length control field 00560cam a2200181 4500
008 - FIXED-LENGTH DATA ELEMENTS--GENERAL INFORMATION
fixed length control field 091215n 000 0 eng u
020 ## - INTERNATIONAL STANDARD BOOK NUMBER
International Standard Book Number 0897666909
035 ## - SYSTEM CONTROL NUMBER
System control number (Sirsi) a167996
040 ## - CATALOGING SOURCE
Original cataloging agency CIP
050 ## - LIBRARY OF CONGRESS CALL NUMBER
Classification number QP 552 FIB 1991
245 ## - TITLE STATEMENT
Title The Fibroblast Growth Factor Family/
Statement of responsibility, etc. edited by Andrew Baird and Michael Klagsbrun
260 ## - PUBLICATION, DISTRIBUTION, ETC.
Place of publication, distribution, etc. New York:
Name of publisher, distributor, etc. The New York Academy of Sciences,
Date of publication, distribution, etc. 1991
300 ## - PHYSICAL DESCRIPTION
Extent 515p.
504 ## - BIBLIOGRAPHY, ETC. NOTE
Bibliography, etc. note Includes Index
650 ## - SUBJECT ADDED ENTRY--TOPICAL TERM
Topical term or geographic name entry element Fibroblast growth factors - Congresses
700 ## - ADDED ENTRY--PERSONAL NAME
Personal name Baird, Andrew
710 ## - ADDED ENTRY--CORPORATE NAME
Corporate name or jurisdiction name as entry element Klagsbrun, Michael

No items available.

© 2026 - The University of Zambia Library - Koha v25.11